Analýza modelu životného cyklu strediska cestovného ruchu Bešeňová

Vybrané faktory rozvoja cestovného ruchu v stredisku a ich váhy. Intervaly pre začlenenie faktorov rozvoja cestovného ruchu v stredisku do etáp životného cyklu. Určenie vývojovej fázy strediska Bešeňová. Zhodnotenie modelu životného cyklu strediska. Strategické opatrenia pre fázy úpadok a oživenie.

Salvato in:
Dettagli Bibliografici
Autore principale: Pěč, Jiří
Natura: Capitolo di libro
Lingua:slovacco
Soggetti:
Tags: Aggiungi Tag
Nessun Tag, puoi essere il primo ad aggiungerne!!

MARC

LEADER 00000naa a2200000 4500
001 0179989
005 20231016074546.8
041 0 |a slo 
044 |a SK 
245 1 0 |a Analýza modelu životného cyklu strediska cestovného ruchu Bešeňová  |c Jiří Pěč 
520 |a Vybrané faktory rozvoja cestovného ruchu v stredisku a ich váhy. Intervaly pre začlenenie faktorov rozvoja cestovného ruchu v stredisku do etáp životného cyklu. Určenie vývojovej fázy strediska Bešeňová. Zhodnotenie modelu životného cyklu strediska. Strategické opatrenia pre fázy úpadok a oživenie. 
610 2 0 |a ruch cestovný 
610 2 0 |a strediská ruchu cestovného 
610 2 0 |a cyklus podniku životný 
610 2 0 |a manažment 
610 2 0 |a marketing 
100 1 |a Pěč, Jiří